Normal view MARC view
  • Supervisión escolar

Entry Materia

Number of records used in: 17

001 - NÚMERO DE CONTROL DEL REGISTRO

  • campo de control: 21304

003 - IDENTIFICADOR DE NUMERO DE CONTROL

  • campo de control: UPN

005 - FECHA Y HORA DE LA ÚLTIMA TRANSACCIÓN

  • campo de control: 20220822131625.0

008 - DATOS DE LONGITUD FIJA

  • campo de control de longitud fija: 220822nn fzannbabd a aaa |d

035 ## - NÚMERO DE CONTROL DEL SISTEMA

  • Número de control del sistema: UPN10000021313

040 ## - FUENTE DE LA CATALOGACIÓN

  • Lengua de catalogación: SPA
  • Centro catalogador de origen: MX-MxUPN

046 ## - FECHAS CON CODIFICACIÓN ESPECIAL

  • Fecha final para contenidos agregados: 2022

150 ## - ENCABEZAMIENTO - TEMÁTICO

  • Término de materia o nombre geográfico como elemento inicial: Supervisión escolar
  • Subdivisión geográfica: México

670 ## - FUENTE EN LA QUE SE LOCALIZARON DATOS

  • Cita de la fuente: LC

902 ## - CATALOGADOR

  • Catalogador: MCM/251012